Statistics for Tourist Attractions by U.S. State

Click here to take the quiz!

General Stats

  • This quiz has been taken 46,182 times
    (11,536 since last reset)
  • The average score is 27 of 36

Answer Stats

Tourist AttractionState% Correct
FLDisney WorldFlorida
97%
NVLas Vegas StripNevada
97%
NYEmpire State BuildingNew York
96%
CAHollywood Walk of FameCalifornia
95%
AZThe Grand CanyonArizona
92%
HIWaikiki BeachHawaii
90%
WASpace NeedleWashington
87%
TXThe AlamoTexas
87%
NJAtlantic City BoardwalkNew Jersey
86%
SDMt. RushmoreSouth Dakota
86%
LABourbon StreetLouisiana
83%
WYYellowstoneWyoming
82%
UTMormon TabernacleUtah
82%
VAThe PentagonVirginia
81%
TNGracelandTennessee
80%
MOThe Gateway ArchMissouri
77%
PAIndependence HallPennsylvania
77%
MIHenry Ford MuseumMichigan
76%
DCThe SmithsonianWashington D.C.
75%
AKDenaliAlaska
74%
MNMall of AmericaMinnesota
74%
GACoke MuseumGeorgia
70%
MTGlacier National ParkMontana
69%
VTBen & Jerry's FactoryVermont
69%
COPike's PeakColorado
65%
MEAcadia National ParkMaine
65%
ORCrater LakeOregon
63%
NCThe Outer BanksNorth Carolina
63%
OHCedar PointOhio
63%
MDEdgar Allan Poe HouseMaryland
61%
KYMammoth CavesKentucky
60%
MAUSS ConstitutionMassachusetts
58%
NMWhite Sands National MonumentNew Mexico
57%
ILShedd AquariumIllinois
56%
WIHouse on the RockWisconsin
51%
NEChimney RockNebraska
50%

Score Distribution

Percentile by Number Answered

Percent of People with Each Score

Your Score History

You have not taken this quiz since the last reset